British TV Shows by Picture - Statistics

General Stats
  • This quiz has been taken 351 times
  • The average score is 11 of 15
Answer Stats
Picture Answer % Correct
Mr Bean
99%
Teletubbies
93%
Doctor Who
92%
The Office
90%
EastEnders
85%
BBC News
82%
Pointless
77%
Blackadder
74%
Blue Peter
74%
Fawlty Towers
72%
Match of the Day
67%
The IT Crowd
66%
Luther
60%
Peep Show
56%
Death in Paradise
53%
No matching quizzes found
Score Distribution
Percent of People with Each Score
Percentile by Number Answered
Your Score History
You have not taken this quiz